|
|
|
|
| LEADER |
01489nam a22002777a 4500 |
| 001 |
30822 |
| 003 |
BD-DhAAL |
| 005 |
20170104112457.0 |
| 008 |
160112s2014 bg a|||| |||| 00| 0 ben d |
| 020 |
|
|
|a 9789848866672
|
| 040 |
|
|
|a BD-DhAAL
|c BD-DhAAL
|
| 082 |
|
|
|2 22
|a 833.912
|
| 100 |
|
|
|a কাফকা, ফ্রানৎস
|9 17326
|
| 245 |
|
|
|a ফ্রানৎস কাফকা গল্পসমগ্র :
|b জীবদ্দশায় প্রকাশিত লেখাসমূহ,
|n প্রথম খন্ড /
|c ফ্রানৎস কাফকা, ভূমিকা, অনুবাদ, মাঠ পর্যালোচনা মাসরুর আরেফিন
|
| 246 |
|
|
|a Complete stories of Franz Kafka, vol. I :
|b works published during Kafka's lifetime / translation, introduction and notes by by Mashrur Arefin
|
| 250 |
|
|
|a ২য় মুদ্রণ
|
| 260 |
|
|
|a ঢাকা :
|b পাঠক সমাবেশ,
|c ২০১৪
|
| 300 |
|
|
|a ৪৭৩ পৃ. ;
|c ২২ সে. মি.
|
| 526 |
|
|
|a AAL
|
| 541 |
|
|
|e 30822
|
| 600 |
|
|
|a Kafka, Franz, 1883-1924.
|x Literary collections.
|9 17327
|
| 700 |
|
|
|a আরেফিন, মাসরুর
|9 17328
|
| 852 |
|
|
|a Ayesha Abed Library
|c General Stacks
|
| 942 |
|
|
|2 ddc
|c BK
|
| 999 |
|
|
|c 36594
|d 36594
|
| 952 |
|
|
|0 0
|1 0
|2 ddc
|4 0
|6 833_912000000000000_KAF
|7 0
|9 57580
|a BRACUL
|b BRACUL
|c GEN
|d 2016-01-12
|e Tamara Abed, BRAC
|l 35
|m 272
|o 833.912 KAF
|p 3010030822
|q 2026-06-02
|r 2026-05-20
|s 2026-05-20
|t 1
|w 2016-01-12
|y BK
|